00784nam a2200241Ia 4500001000700000003000500007008004100012010001100053040000900064082001500073100001900088245010000107260004700207300001100254440000500265500006300270503000500333650005400338650004800392650003800440650004000478650002400518Z_5162CHAP220113s2004 xx 000 0 und d a168222 cCHAP a636.085 L9 aLyons, T P aNutritional biotechnology in the feed and food industries /cpor T P Lyons and K. A. Jacques aNottingham, UK :bUniversity Press,c2004 a531 p. a aProceedings of Alteech's (20 : 2004 : Leicestershire, UK) a aAlimentos y alimentación del ganadoxIndustria  aBiotecnología I. Jacques, K A II. t. aEnzimas en alimentación animal  aMinerales en alimentación animal  aNutrición animal